[Event "Rhein Main op-B 25th"]
[Site "Bad Homburg"]
[Date "2023.06.09"]
[Round "4"]
[White "Shanawaz Thabrez, Shahzaib"]
[Black "Bahlo, Alondra"]
[Result "1-0"]
[WhiteElo "1226"]
[BlackElo "1281"]
[PlyCount "43"]
[EventDate "2023.06.07"]
[EventType "swiss"]
[EventRounds "7"]
[EventCountry "GER"]
[SourceTitle "CBM 215 Extra"]
[Source "ChessBase"]
[SourceDate "2023.09.30"]
[SourceVersion "1"]
[SourceVersionDate "2023.09.30"]
[SourceQuality "1"]

1. e4 d6 2. d4 Nf6 3. Nc3 c6 4. Nf3 Nbd7 5. e5 dxe5 6. dxe5 Ng4 7. Bc4 Ngxe5 8. Bb3 g6 9. Bf4 Nxf3+ 10. Qxf3 Bg7 11. Bxf7+ Kf8 12. Bxg6 Nf6 13. Bd3 Qb6 14. 0-0 Qxb2 15. Be5 Qa3 16. Ne4 Bg4 17. Qf4 Qb4 18. Bxf6 exf6 19. Qxg4 Qa5 20. Bc4 Re8 21. Nd6 Re7 22. Qc8+ 1-0

[Event "Rhein Main op-B 25th"]
[Site "Bad Homburg"]
[Date "2023.06.08"]
[Round "2"]
[White "Koehlich, Viktor"]
[Black "Bahlo, Alondra"]
[Result "1-0"]
[WhiteElo "1678"]
[BlackElo "1281"]
[PlyCount "75"]
[EventDate "2023.06.07"]
[EventType "swiss"]
[EventRounds "7"]
[EventCountry "GER"]
[SourceTitle "CBM 215 Extra"]
[Source "ChessBase"]
[SourceDate "2023.09.30"]
[SourceVersion "1"]
[SourceVersionDate "2023.09.30"]
[SourceQuality "1"]

1. d4 d6 2. Nf3 Nf6 3. c4 c6 4. g3 g6 5. Bg2 Bg7 6. 0-0 0-0 7. Nc3 Nbd7 8. Bf4 c5 9. e3 Re8 10. d5 Nb6 11. Qe2 e5 12. Bg5 h6 13. Bxf6 Qxf6 14. Nd2 Qd8 15. e4 Bd7 16. Rab1 a5 17. a3 Qc8 18. Nb5 Bxb5 19. cxb5 Na4 20. Nc4 Rd8 21. Qc2 Qc7 22. Qxa4 b6 23. Qc2 Qa7 24. f3 f6 25. Bh3 Bf8 26. Be6+ Kg7 27. Qd2 Rab8 28. f4 Qe7 29. fxe5 dxe5 30. Qf2 Re8 31. Rbd1 Qd8 32. Nxe5 Rb7 33. Nc6 Qc7 34. Qxf6+ Kh7 35. Ne5 Qg7 36. Qxg7+ Bxg7 37. Nc4 a4 38. Nd6 1-0

[Event "Rhein Main op-B 24th"]
[Site "Bad Homburg"]
[Date "2022.06.18"]
[Round "5"]
[White "Gerhard, Dominik"]
[Black "Bahlo, Alondra"]
[Result "1-0"]
[WhiteElo "1662"]
[BlackElo "1285"]
[PlyCount "41"]
[EventDate "2022.06.15"]
[EventType "swiss"]
[EventRounds "7"]
[EventCountry "GER"]
[SourceTitle "EXT 2023"]
[Source "ChessBase"]
[SourceDate "2022.10.05"]
[SourceVersion "1"]
[SourceVersionDate "2022.10.05"]
[SourceQuality "1"]

1. c4 g6 2. Nc3 Bg7 3. d4 Nf6 4. Bg5 d6 5. e3 0-0 6. Nf3 c5 7. Bd3 cxd4 8. exd4 Nbd7 9. 0-0 e5 10. Re1 Qa5 11. Qd2 Re8 12. Nb5 Qb6 13. dxe5 Nxe5 14. Be2 Bg4 15. Qxd6 Qxd6 16. Nxd6 Re7 17. Bd1 Nxf3+ 18. Bxf3 Rxe1+ 19. Rxe1 Be6 20. b3 b6 21. Bxa8 1-0

[Event "Rhein Main op-B 24th"]
[Site "Bad Homburg"]
[Date "2022.06.16"]
[Round "3"]
[White "Akin, Deniz"]
[Black "Bahlo, Alondra"]
[Result "0-1"]
[WhiteElo "1074"]
[BlackElo "1285"]
[PlyCount "52"]
[EventDate "2022.06.15"]
[EventType "swiss"]
[EventRounds "7"]
[EventCountry "GER"]
[SourceTitle "EXT 2023"]
[Source "ChessBase"]
[SourceDate "2022.10.05"]
[SourceVersion "1"]
[SourceVersionDate "2022.10.05"]
[SourceQuality "1"]

1. e4 d6 2. d4 g6 3. Nf3 Bg7 4. c4 Nf6 5. Nc3 c6 6. Bd3 Nbd7 7. Be3 0-0 8. Qd2 Re8 9. h3 e5 10. d5 cxd5 11. cxd5 Nc5 12. 0-0 Qa5 13. Rfd1 Bd7 14. Bh6 Bh8 15. g4 Red8 16. Kg2 a6 17. Rh1 Bb5 18. Bxb5 axb5 19. Rae1 b4 20. Ne2 Ncxe4 21. Qd3 Qb6 22. Ref1 Rxa2 23. g5 Nxg5 24. Nxg5 Re8 25. h4 Nh5 26. Ng3 Nf4+ 0-1

[Event "Rhein Main op-B 24th"]
[Site "Bad Homburg"]
[Date "2022.06.15"]
[Round "1"]
[White "Raumanns, Niklas"]
[Black "Bahlo, Alondra"]
[Result "1-0"]
[WhiteElo "1756"]
[BlackElo "1285"]
[PlyCount "47"]
[EventDate "2022.06.15"]
[EventType "swiss"]
[EventRounds "7"]
[EventCountry "GER"]
[SourceTitle "EXT 2023"]
[Source "ChessBase"]
[SourceDate "2022.10.05"]
[SourceVersion "1"]
[SourceVersionDate "2022.10.05"]
[SourceQuality "1"]

1. Nf3 d5 2. g3 Nf6 3. c4 Nc6 4. cxd5 Nxd5 5. Bg2 e5 6. d3 Bc5 7. Qb3 b6 8. Nxe5 Nce7 9. Nc3 Be6 10. Qa4+ Kf8 11. 0-0 Qd6 12. d4 Bb4 13. Nxd5 Bxd5 14. Bf4 Bxg2 15. Nd7+ Qxd7 16. Qxd7 Bxf1 17. Kxf1 Rc8 18. Rc1 c6 19. Rxc6 Re8 20. a3 Ba5 21. Bd6 b5 22. Bxe7+ Rxe7 23. Rc8+ Re8 24. Rxe8# 1-0